000
00216nam a22000977a 4500
999
_c
16053
_d
16053
003
OSt
008
191028b ||||| |||| 00| 0 eng d
100
_a
Kittunni ,C A.
_9
4470
245
_a
Thuyilunarthu pattu
942
_c
BK